Брахиоподы верхнего силура Среднеазиатской части СССР (Запись № 13596528)

Подробности
000 -МАРКЕР
контрольное поле 01053nam2a2200241 4500
001 - ИДЕНТИФИКАТОР ЗАПИСИ
контрольное поле rc\2928008
005 - ИДЕНТИФИКАТОР ВЕРСИИ
контрольное поле 20110818112022.5
035 ## - ДРУГИЕ СИСТЕМНЫЕ НОМЕРА
Идентификатор записи (NLR Aleph) 007077663
100 ## - ДАННЫЕ ОБЩЕЙ ОБРАБОТКИ
Данные общей обработки 20110818d1937 |||y0rusy50 ca
101 0# - ЯЗЫК РЕСУРСА
Язык текста, звукозаписи и т.д. русский
102 ## - СТРАНА ПУБЛИКАЦИИ ИЛИ ПРОИЗВОДСТВА
Страна публикации Российская Федерация
105 ## - ПОЛЕ КОДИРОВАННЫХ ДАННЫХ: ТЕКСТОВЫЕ МАТЕРИАЛЫ, МОНОГРАФИЧЕСКИЕ
Кодированные данные о монографическом текстовом документе y z |||||
200 1# - ЗАГЛАВИЕ И СВЕДЕНИЯ ОБ ОТВЕТСТВЕННОСТИ
Основное заглавие Брахиоподы верхнего силура Среднеазиатской части СССР
210 ## - ПУБЛИКАЦИЯ, РАСПРОСТРАНЕНИЕ И ДР.
Дата издания, распространения и т.д. 1937
225 1# - СЕРИЯ
Основное заглавие серии Монографии по палеонтологии СССР
Сведения об ответственности ГГУ-НКТП-СССР. Центр. науч.-исслед. геол.-разведочный ин-т. Под ред. И.И. Горского, Г.Я. Крымгольца, Б.К. Лихарева ... [и др.]
Обозначение тома Т. 35
461 #0 - УРОВЕНЬ НАБОРА
Встроенное поле 001rc\2928007
-- 2001#$aБрахиоподы кембрийских и силурийских отложений СССР$eВып. 1$vВып. 1
700 #1 - ИМЯ ЛИЦА - ПЕРВИЧНАЯ ОТВЕТСТВЕННОСТЬ
Начальный элемент ввода Никифорова
Часть имени, кроме начального элемента ввода О. И.
801 #0 - ИСТОЧНИК ЗАПИСИ
Страна Российская Федерация
Организация NLR
Правила каталогизации psbo
801 #1 - ИСТОЧНИК ЗАПИСИ
Страна Российская Федерация
Организация ELAR
Источник данных rusmarc
852 ## - МЕСТОНАХОЖДЕНИЕ И ШИФР ХРАНЕНИЯ
Идентификатор организации NLR
Шифр хранения (Call Number) 36-20/131
942 ## - ДОПОЛНИТЕЛЬНЫЕ ЭЛЕМЕНТЫ ЗАПИСИ (АБИС)
Тип экземпляра АБИС Книга
980 ## - КОЛЛЕКЦИЯ
Название коллекции Национальная библиография

Нет доступных экземпляров.